00436nam a2200133Ia 4500008004100000024001500041082001800056100002300074245010300097260002600200600002100226650003800247999001700285260210s9999 xx 000 0 und d a11B-026-BS a005.43072 OSA aS. M. Osama Farooq 0aEfficient System for Restraining Criminal Activities (Prison Office Management Information System) aKarachi:bUITU,c2011 aComputer Science aBachelor of Computer Science (BS) c32373d32373